'J' Names by 3 Surnames Quiz Stats

 Plays Quiz Updated Sep 25, 2019

Score 0/20 Timer 05:00
2 Plays Today
% Correct
Jennifer
97.8%
Justin
97.8%
John
97.3%
Jack
96.4%
Julia
96.2%
Jessica
96%
James
95.7%
Jane
95.7%
Joe
94.7%
Joan
94.5%
% Correct
Jeremy
94.4%
Judy
94.2%
Jeff
94.1%
Janet
94%
Jake
93.7%
Jason
93.6%
Jared
90.8%
Jenna
83.9%
Josh
83.7%
Joel
75.4%

You're not logged in!

Compare scores with friends on all Sporcle quizzes.
OR
Log In

Sporcle TV

Today on Sporcle TV


Watch our educational content, quiz creation guides, and fun videos on Sporcle TV.

Show Comments

Extras

Top Quizzes Today


Score Distribution

Your Account Isn't Verified!

In order to create a playlist on Sporcle, you need to verify the email address you used during registration. Go to your Sporcle Settings to finish the process.

Report this User

Report this user for behavior that violates our Community Guidelines.

Details: